000 00344nam a2200133Ia 4500
008 100328s9999 xx 000 0 und d
082 _b47720
100 _aमुजावर बशीर
245 _aवर्तुळ
260 _bसाहेबजी
630 _aवर्तुळ
730 _aवर्तुळ
942 _cBOOK
999 _c535455
_d535452